000 00931nam a2200277 i 4500
001 bgj
100 1 _aANTONAROS, Suzanne
245 1 0 _aTeaching Young Learners: :
_baction songs, chants and games /
_cSuzanne Antonaros ; Lilika Couri.
260 _aNewbury, Berkshire :
_bExpress Publishing,
_c2003.
300 _a151 pp :
_bill. ;
_c28 cm.
490 1 _aTeacher's Resource Book
505 _aIncludes photocopiable materials.
650 9 _aEnglish language
_xStudy and teaching
650 9 _aEnglish language
_xHandbooks for teachers
650 9 _aEnglish language
_xTeaching of young learners
650 9 _aEnglish teachers
_xTraining of
650 9 _aYoung learners
_xTeaching English
700 1 _aCOURI, Lilika.
_eco-author
830 _aTeacher's Resource Book
020 _a1844663450
040 _cBPK
041 0 _aeng
920 _a1-84466-345-0
942 _cKS
008 s uk f |000 0 eng
999 _c48897
_d48897